00406nam a2200121 a 450000500170000000800410001705000170005810000160007524500330009126000350012499900190015995201060017820140414132113.0110805s19uu xx 00 eng d aTRbV62 1987 aCarle, Eric aThe very hungry caterpillar. aNew York :bScholastic,c1987. c114808d114808 001040aMUbMUcTRd2011-08-05eBkRewardl0oTR V62 1987pM6709r2014-04-14 00:00:00w2014-04-14yBK